| 000 | 00885nam a2200217 a 4500 | ||
|---|---|---|---|
| 001 | 000029116 | ||
| 005 | 20200930055337.0 | ||
| 008 | 110413s2003 dr 000 0 spa d | ||
| 020 | _a9993423513 | ||
| 040 |
_aDO-SdBNP _bspa _cBNPHU |
||
| 041 | 1 | 7 |
_aspa _2eng _bfre |
| 100 | 1 |
_aFeris Iglesias, César Iván. _956022 |
|
| 245 | 1 | 0 |
_aPatrimonio dominicano = _bDominican heritage = Patrimoine Dominicain / _cCésar Iván Feris Iglesias ; fotografías José Augusto Mejía Rodríguez. |
| 246 | 1 | 1 | _aDominican heritage |
| 246 | 1 | 1 | _aPatrimoine Dominicain |
| 260 |
_aSanto Domingo : _bDespacho de la Primera Dama : _bSecretaría de Estado de Cultura : _bPrograma de las Naciones Unidas para el Desarrollo, _c2003. |
||
| 300 |
_a178 p. : _bcol. il. ; _c31 cm. |
||
| 700 | 1 |
_aMejía Rodríguez, José Augusto. _956023 |
|
| 710 | 2 |
_aUnited Nations Development Programme. _956024 |
|
| 049 | _aBNPD | ||
| 999 |
_c28608 _d28608 |
||